| Tag |
First Indicator |
Second Indicator |
Subfields |
| LEADER |
00000cam a2200000 i 4500 |
| 001 |
in00004810607 |
| 008 |
820108s1949 njua b 001 0 eng d |
| 005 |
20240807185531.3 |
| 035 |
|
|
|a (OCoLC)ocm08049270
|
| 040 |
|
|
|a TAG
|b eng
|e rda
|c TAG
|d OCL
|d OCLCG
|d SYB
|d OCLCQ
|d OCLCF
|d OCLCO
|d OCLCA
|d OCL
|d OCLCA
|d OCL
|d OCLCO
|d OCLCL
|d OCLCQ
|
| 019 |
|
|
|a 32952191
|
| 029 |
1 |
|
|a GEBAY
|b 7579081
|
| 035 |
|
|
|a (OCoLC)08049270
|z (OCoLC)32952191
|
| 043 |
|
|
|a n-us---
|
| 050 |
1 |
4 |
|a D773
|b .B32
|
| 082 |
0 |
4 |
|a 940.54/5973
|q OCoLC
|2 21/eng/20231120
|
| 049 |
|
|
|a MAIN
|
| 100 |
1 |
|
|a Ballantine, Duncan S.,
|d 1912-1993.
|1 https://id.oclc.org/worldcat/entity/E39PCjBvXx7KTJbpgMhtR7wP33,
|e author
|
| 245 |
1 |
0 |
|a U.S. naval logistics in the Second World War /
|c by Duncan S. Ballantine.
|
| 264 |
|
1 |
|a Princeton :
|b Princeton University Press,
|c 1949.
|
| 300 |
|
|
|a xii, 308 pages :
|b illustrations ;
|c 23 cm
|
| 336 |
|
|
|a text
|b txt
|2 rdacontent
|
| 337 |
|
|
|a unmediated
|b n
|2 rdamedia
|
| 338 |
|
|
|a volume
|b nc
|2 rdacarrier
|
| 504 |
|
|
|a Includes bibliographical references (pages 297-301).
|
| 590 |
|
|
|b TAG Physical Holdings 2
|
| 610 |
1 |
0 |
|a United States.
|b Navy.
|
| 610 |
1 |
6 |
|a États-Unis.
|b Navy.
|
| 610 |
1 |
7 |
|a United States.
|b Navy.
|2 fast
|0 (OCoLC)fst00533204
|
| 650 |
|
0 |
|a World War, 1939-1945
|x Naval operations, American.
|0 http://id.loc.gov/authorities/subjects/sh85148452
|
| 650 |
|
0 |
|a World War, 1939-1945
|x Equipment and supplies.
|0 http://id.loc.gov/authorities/subjects/sh85148409
|
| 650 |
|
0 |
|a Logistics, Naval.
|0 http://id.loc.gov/authorities/subjects/sh85078130
|
| 650 |
|
6 |
|a Guerre mondiale, 1939-1945
|x Opérations navales américaines.
|
| 650 |
|
6 |
|a Guerre mondiale, 1939-1945
|x Matériel.
|
| 650 |
|
6 |
|a Logistique navale.
|
| 650 |
|
7 |
|a Equipment and supplies.
|2 fast
|0 (OCoLC)fst01352983
|
| 650 |
|
7 |
|a Logistics, Naval.
|2 fast
|0 (OCoLC)fst01002106
|
| 650 |
|
7 |
|a Military operations, Naval
|x American.
|2 fast
|0 (OCoLC)fst01710245
|
| 647 |
|
7 |
|a World War
|d (1939-1945)
|2 fast
|0 (OCoLC)fst01180924
|1 https://id.oclc.org/worldcat/entity/E39Qhp4vBbhpRH9XvjbDFXtxhb
|
| 648 |
|
7 |
|a 1939-1945
|2 fast
|
| 994 |
|
|
|a 92
|b TAG
|
| 852 |
|
|
|a TAG
|b TAGC
|c galv,stk
|h D773 .B34 1949
|t c.1
|
| 876 |
|
|
|p 33620000356929
|v unmediated -- volume
|
| 999 |
f |
f |
|s 70d0bddb-8e23-4399-a6c9-b77d3f86380c
|i 9afeb456-a363-465a-8844-3291c443d02d
|t 0
|
| 952 |
f |
f |
|p normal
|a Texas A&M University
|b Galveston Campus
|c Jack K. Williams Library
|d Galveston Stacks
|t 0
|e D773 .B34 1949
|h Library of Congress classification
|i unmediated -- volume
|m 33620000356929
|
| 998 |
f |
f |
|a D773 .B34 1949
|t 0
|l Galveston Stacks
|